| 000 | 00793nam a2200253 i 4500 | ||
|---|---|---|---|
| 001 | bg | ||
| 100 | 1 | _aGAŹDZICKI, Jerzy | |
| 245 | 1 | 0 |
_aSystemy katastralne / _cJerzy Gaździcki. |
| 260 |
_aWarszawa ; Wrocław : _bPolskie Przedsiębiorstwo Wydawnictw Kartograficznych im. E. Romera, _c1995. |
||
| 300 |
_a107, [1] s., [8] k.tabl. : _b24 cm. |
||
| 504 | _aBibliogr. s. 107-[108]. | ||
| 650 | 9 |
_aSystemy informacyjne _xstosowanie _xgospodarka |
|
| 650 | 9 |
_aGrunt _xdokumentacja |
|
| 650 | 9 |
_aNieruchomości _xdokumentacja |
|
| 650 | 9 |
_aGeodezja _xpomiary |
|
| 655 | _aPodręczniki akademickie | ||
| 020 | _a8370002420 | ||
| 040 | _cBPK | ||
| 041 | 0 | _apl | |
| 080 | _a332:528.3/.4]::002.513.5 | ||
| 920 | _a83-7000-242-0 | ||
| 942 | _cKS | ||
| 008 | s pl f |000 0 pol | ||
| 999 |
_c24588 _d24588 |
||
| 856 |
_uhttp://koha.tu.koszalin.pl/cgi-bin/koha/opac-detail.pl?biblionumber=24588 _yKatalog online BPK |
||